000 00966nam a2200229Ia 4500
999 _c41945
_d41945
001 8629
003 GE_BSU
005 20240522172111.0
008 181216s2008||||ge |||||||||||||| ||geo||
020 _a9789941902925
040 _cGE_BSU
041 _ageo
080 _a341 ა-48
100 _aალექსიძე, ლევან
_916520
245 _aთანამედროვე საერთაშორისო სამართალი /
_cლევან ალექსიძე ; [რედ. კოტე კორკელია].
264 _aთბილისი :
_bინოვაცია,
_c2010.
300 _a512 გვ.;
_b20 სმ.
300 _bგანმარტებები: გვ. 470-506
653 _aთანამედროვე საერთაშორისო სამართალი
700 _aკორკელია, კოტე
_eრედაქტორი
_96439
942 _cBK
_2udc